000 00553nam a2200193 a 4500
003 BD-DhJNU
005 20250716043200.0
008 250501s1951 ii a b 001 0 eng
040 _aBD-DhJNU
_bENG
_cBD-DhJNU
_dBD-DhJNU
082 0 0 _a323.6 BAA
_223
100 1 _aBard, Harry
245 1 0 _aActive citizenship /
_cHarry Bard and Harold R. Manakee
260 _aChicago :
_bThe John C. Winston Company,
_c1951.
300 _a506 p. :
_bill. ;
_c25 cm.
504 _aIncludes index.
650 0 _aCitizenship
700 1 _aManakee, Harold R.
942 _cBK
999 _c1904
_d1904